Sociological perspectives on mass communications (Record no. 314305)

MARC details
000 -LEADER
fixed length control field 00510nam a22001937a 4500
005 - DATE & TIME
control field 20240310144155.0
008 - FIXED-LENGTH DATA ELEMENTS--GENERAL INFORMATION
fixed length control field 240310b |||||||| |||| 00| 0 eng d
020 ## - ISBN
International Standard Book Number 9788189996420
Price Rs. 895.00
040 ## - CATALOGING SOURCE
Original cataloging agency VIVEKANANDA LIBRARY
082 ## - DDC NUMBER
Classification number 301.161
Book Number B469C
100 ## - MAIN ENTRY--PERSONAL NAME
Personal name Bhatnagar, S K
245 ## - TITLE STATEMENT
Title Sociological perspectives on mass communications
260 ## - PUBLICATION, DISTRIBUTION, ETC. (IMPRINT)
Place of publication, distribution, etc New Delhi
Name of publisher, distributor, etc Shri Sai Printographers
Date of publication, distribution, etc 2012
300 ## - PHYSICAL DESCRIPTION
Pages 252
650 ## - Subject
Subject Sociology
650 ## - Subject
Subject Mass Media
650 ## - Subject
Subject Popular Culture
942 ## - ADDED ENTRY ELEMENTS (KOHA)
Koha item type Books
Holdings
Withdrawn status Lost status Source of classification or shelving scheme Damaged status Not for loan Location (home branch) Sublocation or collection (holding branch) Date acquired Koha issues (times borrowed) Koha full call number Accession No. Koha date last seen Koha item type
    Dewey Decimal Classification     VIVEKANANDA LIBRARY VIVEKANANDA LIBRARY 10/03/2024   301.161 B469C 404262 10/03/2024 Books
    Dewey Decimal Classification     VIVEKANANDA LIBRARY VIVEKANANDA LIBRARY 10/03/2024   301.161 B469C 404263 10/03/2024 Books
© Designed and Maintained by Vivekananda Library, MDU Rohtak